00351nam a2200145Ia 4500008004100000020001500041041001200056082001100068100001400079245004900093260002500142300000800167650001600175700001400191221030s9999 xx 000 0 und d a0070583544 aEnglish a105.23 aS. Kasera 0aCommunication Networks Principles & Practice bTMHaNew Delhic2006 a389 aBE Computer aN. Narang